<?xml version="1.0" encoding="UTF-8"?>
<record
    xmlns:xsi="http://www.w3.org/2001/XMLSchema-instance"
    xsi:schemaLocation="http://www.loc.gov/MARC21/slim http://www.loc.gov/standards/marcxml/schema/MARC21slim.xsd"
    xmlns="http://www.loc.gov/MARC21/slim">

  <leader>00784nam a22001337a 4500</leader>
  <datafield tag="040" ind1=" " ind2=" ">
    <subfield code="c">RUA</subfield>
  </datafield>
  <datafield tag="082" ind1=" " ind2=" ">
    <subfield code="a">ADB KUN 2009 B268 Or.1</subfield>
  </datafield>
  <datafield tag="100" ind1=" " ind2=" ">
    <subfield code="a">KUN, CHHUNNA.</subfield>
  </datafield>
  <datafield tag="245" ind1=" " ind2=" ">
    <subfield code="a">community development planning supported by village support group in samrongknong commune, ekphnom district, battambang province (&#x1780;&#x17B6;&#x179A;&#x1780;&#x179F;&#x17B6;&#x1784;&#x1795;&#x17C2;&#x1793;&#x1780;&#x17B6;&#x179A;&#x17A2;&#x1797;&#x17B7;&#x179C;&#x178C;&#x17D2;&#x178D;&#x1793;&#x17CD;&#x1783;&#x17BB;&#x17BB;&#x17C6;&#x1782;&#x17B6;&#x17C6;&#x1791;&#x17D2;&#x179A;&#x178A;&#x17C4;&#x1799;&#x17A2;&#x1784;&#x17D2;&#x1782;&#x178A;&#x17B6;&#x179A;&#x1780;&#x17D2;&#x179A;&#x17BB;&#x1798;&#x1791;&#x17D2;&#x179A;&#x1791;&#x17D2;&#x179A;&#x1784;&#x17CB;&#x1797;&#x17BC;&#x1798;&#x17B7; &#x1793;&#x17C5;&#x1783;&#x17BB;&#x17C6;&#x179F;&#x17C6;&#x179A;&#x17C4;&#x1784;&#x1780;&#x17D2;&#x1793;&#x17BB;&#x1784; &#x179F;&#x17D2;&#x179A;&#x17BB;&#x1780;&#x17AF;&#x1780;&#x1797;&#x17D2;&#x1793;&#x17C6; &#x1781;&#x17C1;&#x178F;&#x17D2;&#x178F;&#x1794;&#x17B6;&#x178F;&#x17CB;&#x178A;&#x17C6;&#x1794;&#x1784;)</subfield>
  </datafield>
  <datafield tag="260" ind1=" " ind2=" ">
    <subfield code="a">Phnom Penh</subfield>
    <subfield code="b">RUA</subfield>
    <subfield code="c">2009</subfield>
  </datafield>
  <datafield tag="300" ind1=" " ind2=" ">
    <subfield code="a">xi, 43p.</subfield>
    <subfield code="b">ill.</subfield>
    <subfield code="c">29cm.</subfield>
  </datafield>
  <datafield tag="856" ind1=" " ind2=" ">
    <subfield code="u">https://drive.google.com/file/d/1pzYkoOxKe4R5bttAFvfREghHkWCSePAV/view?usp=sharing</subfield>
  </datafield>
  <datafield tag="942" ind1=" " ind2=" ">
    <subfield code="c">AEDBB</subfield>
  </datafield>
  <datafield tag="999" ind1=" " ind2=" ">
    <subfield code="c">5195</subfield>
    <subfield code="d">5195</subfield>
  </datafield>
  <datafield tag="952" ind1=" " ind2=" ">
    <subfield code="0">0</subfield>
    <subfield code="1">0</subfield>
    <subfield code="2">ddc</subfield>
    <subfield code="4">0</subfield>
    <subfield code="6">ADB_KUN_2009_000000000000000_B268_OR_1</subfield>
    <subfield code="7">0</subfield>
    <subfield code="9">27689</subfield>
    <subfield code="a">LBB</subfield>
    <subfield code="b">LBB</subfield>
    <subfield code="c">B268</subfield>
    <subfield code="d">2015-12-25</subfield>
    <subfield code="o">ADB KUN 2009 B268 Or.1</subfield>
    <subfield code="p">RUA030558</subfield>
    <subfield code="r">2015-12-25</subfield>
    <subfield code="w">2015-12-25</subfield>
    <subfield code="y">AEDBB</subfield>
  </datafield>
  <datafield tag="952" ind1=" " ind2=" ">
    <subfield code="0">0</subfield>
    <subfield code="1">0</subfield>
    <subfield code="2">ddc</subfield>
    <subfield code="4">0</subfield>
    <subfield code="6">ADB_KUN_2009_000000000000000_B268_OR_2</subfield>
    <subfield code="7">0</subfield>
    <subfield code="9">27690</subfield>
    <subfield code="a">LBB</subfield>
    <subfield code="b">LBB</subfield>
    <subfield code="c">B268</subfield>
    <subfield code="d">2015-12-25</subfield>
    <subfield code="o">ADB KUN 2009 B268 Or.2</subfield>
    <subfield code="p">RUA030968</subfield>
    <subfield code="r">2015-12-25</subfield>
    <subfield code="w">2015-12-25</subfield>
    <subfield code="y">AEDBB</subfield>
  </datafield>
  <datafield tag="952" ind1=" " ind2=" ">
    <subfield code="0">0</subfield>
    <subfield code="1">0</subfield>
    <subfield code="2">ddc</subfield>
    <subfield code="4">0</subfield>
    <subfield code="6">ADB_KUN_2009_000000000000000_B268_OR_3</subfield>
    <subfield code="7">0</subfield>
    <subfield code="9">27691</subfield>
    <subfield code="a">LBB</subfield>
    <subfield code="b">LBB</subfield>
    <subfield code="c">B268</subfield>
    <subfield code="d">2015-12-25</subfield>
    <subfield code="o">ADB KUN 2009 B268 Or.3</subfield>
    <subfield code="p">RUA031247</subfield>
    <subfield code="r">2015-12-25</subfield>
    <subfield code="w">2015-12-25</subfield>
    <subfield code="y">AEDBB</subfield>
  </datafield>
  <datafield tag="952" ind1=" " ind2=" ">
    <subfield code="0">0</subfield>
    <subfield code="1">0</subfield>
    <subfield code="2">ddc</subfield>
    <subfield code="4">0</subfield>
    <subfield code="6">ADB_KUN_2009_000000000000000_B268_OR_4</subfield>
    <subfield code="7">0</subfield>
    <subfield code="9">27692</subfield>
    <subfield code="a">LBB</subfield>
    <subfield code="b">LBB</subfield>
    <subfield code="c">B268</subfield>
    <subfield code="d">2015-12-25</subfield>
    <subfield code="o">ADB KUN 2009 B268 Or.4</subfield>
    <subfield code="p">RUA030442</subfield>
    <subfield code="r">2015-12-25</subfield>
    <subfield code="w">2015-12-25</subfield>
    <subfield code="y">AEDBB</subfield>
  </datafield>
  <datafield tag="952" ind1=" " ind2=" ">
    <subfield code="0">0</subfield>
    <subfield code="1">0</subfield>
    <subfield code="2">ddc</subfield>
    <subfield code="4">0</subfield>
    <subfield code="6">ADB_KUN_2009_000000000000000_B268_OR_5</subfield>
    <subfield code="7">0</subfield>
    <subfield code="9">27693</subfield>
    <subfield code="a">LBB</subfield>
    <subfield code="b">LBB</subfield>
    <subfield code="c">B268</subfield>
    <subfield code="d">2015-12-25</subfield>
    <subfield code="o">ADB KUN 2009 B268 Or.5</subfield>
    <subfield code="p">RUA030616</subfield>
    <subfield code="r">2015-12-25</subfield>
    <subfield code="w">2015-12-25</subfield>
    <subfield code="y">AEDBB</subfield>
  </datafield>
  <datafield tag="952" ind1=" " ind2=" ">
    <subfield code="0">0</subfield>
    <subfield code="1">0</subfield>
    <subfield code="2">ddc</subfield>
    <subfield code="4">0</subfield>
    <subfield code="6">ADB_KUN_2009_000000000000000_B268_OR_6</subfield>
    <subfield code="7">0</subfield>
    <subfield code="9">27694</subfield>
    <subfield code="a">LBB</subfield>
    <subfield code="b">LBB</subfield>
    <subfield code="c">B268</subfield>
    <subfield code="d">2015-12-25</subfield>
    <subfield code="o">ADB KUN 2009 B268 Or.6</subfield>
    <subfield code="p">RUA030626</subfield>
    <subfield code="r">2015-12-25</subfield>
    <subfield code="w">2015-12-25</subfield>
    <subfield code="y">AEDBB</subfield>
  </datafield>
  <datafield tag="952" ind1=" " ind2=" ">
    <subfield code="0">0</subfield>
    <subfield code="1">0</subfield>
    <subfield code="2">ddc</subfield>
    <subfield code="4">0</subfield>
    <subfield code="6">ADB_KUN_2009_000000000000000_B268_OR_7</subfield>
    <subfield code="7">0</subfield>
    <subfield code="9">27695</subfield>
    <subfield code="a">LBB</subfield>
    <subfield code="b">LBB</subfield>
    <subfield code="c">B268</subfield>
    <subfield code="d">2015-12-25</subfield>
    <subfield code="o">ADB KUN 2009 B268 Or.7</subfield>
    <subfield code="p">RUA030670</subfield>
    <subfield code="r">2015-12-25</subfield>
    <subfield code="w">2015-12-25</subfield>
    <subfield code="y">AEDBB</subfield>
  </datafield>
</record>
